Οπτικός πολιτισμός και κοινωνικές ανισότητες : οι φωτογραφίες του πολέμου

Αποθηκεύτηκε σε:
Λεπτομέρειες βιβλιογραφικής εγγραφής
Κύριος συγγραφέας: Κωνσταντινίδου, Χριστίνα
Μορφή: Βιβλίο
Γλώσσα:Greek
Δημοσίευση: Αθήνα : Futura, 2011
Θέματα:
Ετικέτες: Προσθήκη ετικέτας
Δεν υπάρχουν, Καταχωρήστε ετικέτα πρώτοι!

MARC

LEADER 00000cam a2200000 i 4500
001 1/65294
008 150129s2011 gre d
020 |a 978-960-9489-12-6 
035 |l 10120761 
040 |a GR-MY-UA  |b gre  |e aacr 
041 0 |a gre 
082 0 |a 770.9  |2 (23) 
100 1 |a Κωνσταντινίδου, Χριστίνα. 
245 1 0 |a Οπτικός πολιτισμός και κοινωνικές ανισότητες :  |b οι φωτογραφίες του πολέμου /  |c Χριστίνα Κωνσταντινίδου 
260 |a Αθήνα :   |b Futura,   |c 2011 
300 |a 198 σ.;  |b εικ.;  |c 21 εκ. 
504 |a Περιλαμβάνει βιβλιογραφία 
650 0 0 |a Photography  |x Social aspects. 
650 0 |a War photography  |x Social aspects. 
650 0 |a Photojournalism  |x Social aspects. 
852 |a INST  |b LESVOS  |c EUDOXUS  |e 20150129  |h 770.9 ΚΩΝ  |p 005100056162  |q 005100056162  |t EDX  |y 0 
901 |a BIBL1-2015-1 
920 |a ΕΥΔΟΞΟΣ  |b ΠΑΡΑΓΓΕΛΙΑ  |y ΛΕΣΒΟΣ-ΤΠΤΕ  |z 2014-11 
970 |a ΤΖΑΦΕΡΗ  |b ΕΥΑΓΓΕΛΙΑ  |z 2015/01/29